| 000 | 00412nam a2200181Ia 4500 | ||
|---|---|---|---|
| 008 | 210210b1954 xxu||||| |||| 00| 0 eng d | ||
| 041 | _aeng | ||
| 082 | _a560/12 | ||
| 100 | _aSHAPLEY | ||
| 245 | _aTreasury of science | ||
| 260 |
_aChicago _bSpencer Press Inc _c1954 |
||
| 650 | _aTreasury | ||
| 650 | _ascience | ||
| 650 | _aof | ||
| 690 | _aPure Sciences | ||
| 700 | _aand others Ed | ||
| 906 | _a010178 | ||
| 999 |
_c137946 _d137946 |
||